Pemerintah dan pemimpin kerajaan-kerajaan negeri

Bibliographic Details
Format: Book
Published: Petaling Jaya : : Golden Books Centre, , 2003
Subjects:

MARC

LEADER 00000cam a2200000 7i4500
001 0000003708
005 20110418.0
020 0 0 |a 9837204591 
090 0 0 |a 929.709595   |b SIT D 
245 0 0 |a Pemerintah dan pemimpin kerajaan-kerajaan negeri 
260 0 0 |a Petaling Jaya : :   |b Golden Books Centre, ,   |c 2003 
300 |a iv, 128 p: :   |b il: ;   |c 23 cm. 
651 0 0 |a Malaysia   |x Kings and rulers 
999 |a 007008   |b Monograph   |c Open Shelf   |e Default branch